Online
Catalog

Gran enciclopedia de las plantas medicinales : (Record no. 37080)

MARC details
000 -CABECERA
campo de control de longitud fija 01129nam a2200241 a 4500
001 - NÚMERO DE CONTROL
campo de control 000037590
005 - FECHA Y HORA DE LA ÚLTIMA TRANSACCIÓN
campo de control 20200930080445.0
008 - DATOS DE LONGITUD FIJA--INFORMACIÓN GENERAL
campo de control de longitud fija 120918s2010 sp a e 000 0 spa d
020 ## - NÚMERO INTERNACIONAL ESTÁNDAR DEL LIBRO
Número Internacional Estándar del Libro 9788449440861 (obra completa)
040 ## - FUENTE DE LA CATALOGACIÓN
Centro catalogador/agencia de origen DO-SdBNP
Lengua de catalogación spa
Centro/agencia transcriptor BNPHU
082 ## - NÚMERO DE LA CLASIFICACIÓN DECIMAL DEWEY
Número de clasificación R 615.3203
Número de documento/Ítem B486g
100 1# - ENTRADA PRINCIPAL--NOMBRE DE PERSONA
Nombre de persona Berdonces Serra, Jose Luís
9 (RLIN) 64058
245 10 - MENCIÓN DE TÍTULO
Título Gran enciclopedia de las plantas medicinales :
Resto del título de la A a la Z /
Mención de responsabilidad, etc. José Luis Berdonces Serra ; prólogo Jorge R. Alonso ; edición Teo Gómez.
260 ## - PUBLICACIÓN, DISTRIBUCIÓN, ETC.
Lugar de publicación, distribución, etc. Barcelona :
Nombre del editor, distribuidor, etc. Oceano,
Fecha de publicación, distribución, etc. 2010.
300 ## - DESCRIPCIÓN FÍSICA
Extensión 2v. :
Otras características físicas il. ;
Dimensiones 27 cm.
505 0# - NOTA DE CONTENIDO CON FORMATO
Información miscelánea v. 1
Título Expediciones botánicas --
-- Introducción a la botánica descriptiva --
-- Diccionario de plantas medicinales, de la A a la J. --
Información miscelánea v. 2:
Título Diccionario de plantas medicinales, de la K a la Z --
-- Índices --
-- bibliografías
500 ## - NOTA GENERAL
Nota general La biblioteca posee el v. 1 y 2
650 #4 - PUNTO DE ACCESO ADICIONAL DE MATERIA--TÉRMINO DE MATERIA
Término de materia o nombre geográfico como elemento de entrada Plantas medicinales
Subdivisión general Uso terapéutico
-- Enciclopedias
9 (RLIN) 64059
650 #4 - PUNTO DE ACCESO ADICIONAL DE MATERIA--TÉRMINO DE MATERIA
Término de materia o nombre geográfico como elemento de entrada Plantas aromáticas
Subdivisión general Enciclopedias
9 (RLIN) 64060
700 1# - PUNTO DE ACCESO ADICIONAL--NOMBRE DE PERSONA
Nombre de persona Alonso, Jorge R.,
Término indicativo de función/relación pról.
9 (RLIN) 64061
700 12 - PUNTO DE ACCESO ADICIONAL--NOMBRE DE PERSONA
Nombre de persona Gómez, Teo,
Término indicativo de función/relación ed.
9 (RLIN) 64062
910 ## - DATOS DE OPCIÓN DEL USUARIO (OCLC)
Datos de opción del usuario Validado. Control de calidad MFF
Holdings
Estado de retiro Estado de pérdida Restricciones de uso No para préstamo Código de colección Localización permanente Ubicación/localización actual Ubicación en estantería Fecha de adquisición Número de inventario Total de préstamos Signatura topográfica completa Código de barras Fecha visto por última vez Precio válido a partir de Tipo de ítem Koha
    Préstamo en sala Excluido de préstamo Dominicana de Servicio Biblioteca Nacional Pedro Henríquez Ureña Biblioteca Nacional Pedro Henríquez Ureña Depósito 10.10.2012 LF1   v. 1 37590-10 25.06.2020 25.06.2020 Préstamo en sala
    Préstamo en sala Excluido de préstamo Dominicana de Servicio Biblioteca Nacional Pedro Henríquez Ureña Biblioteca Nacional Pedro Henríquez Ureña Depósito 10.10.2012 LF1   v. 1, e. 2 37590-20 25.06.2020 25.06.2020 Préstamo en sala
    Préstamo en sala   Dominicana de Servicio Biblioteca Nacional Pedro Henríquez Ureña Biblioteca Nacional Pedro Henríquez Ureña Depósito 10.10.2012 LF1   v. 1, e. 3 37590-30 25.06.2020 25.06.2020 Préstamo en sala
    Préstamo en sala Excluido de préstamo Dominicana de Servicio Biblioteca Nacional Pedro Henríquez Ureña Biblioteca Nacional Pedro Henríquez Ureña Depósito 10.10.2012 LF1   v. 2 37590-40 25.06.2020 25.06.2020 Préstamo en sala
    Préstamo en sala Excluido de préstamo Dominicana de Servicio Biblioteca Nacional Pedro Henríquez Ureña Biblioteca Nacional Pedro Henríquez Ureña Depósito 10.10.2012 LF1   v. 2 , e. 2 37590-50 25.06.2020 25.06.2020 Préstamo en sala
    Préstamo en sala   Dominicana de Servicio Biblioteca Nacional Pedro Henríquez Ureña Biblioteca Nacional Pedro Henríquez Ureña Depósito 10.10.2012 LF1   v. 2, e. 3 37590-60 25.06.2020 25.06.2020 Préstamo en sala

Powered by Koha